000 00461nam a2200181Ia 4500
008 230524s9999 xx 000 0 und d
020 _a812591532X
082 _a658.8343
_bRAJ
100 _aM S Raju
245 0 _a"Consumer Behaviour : Concepts, Applications And Cases"
250 _a4TH
260 _aNEW DELHI
_bVikas
_c2008
300 _aXVI;344
500 _aQuantity Number: 3
650 _aManagement
700 _a Dominique Xardel
942 _cBK
999 _c43096
_d43096